Welcome to the Holygrace Academy Library

Please use search bar below to get started

MORAL STORIES FOR CHIDLDREN (Record no. 5453)

MARC details
000 -LEADER
fixed length control field 00301nam a22001337a 4500
020 ## - INTERNATIONAL STANDARD BOOK NUMBER
ISBN 81-8006-074-8
082 ## - DEWEY DECIMAL CLASSIFICATION NUMBER
Classification number 823
Item number ALK/M
245 ## - TITLE STATEMENT
Title MORAL STORIES FOR CHIDLDREN
260 ## - PUBLICATION, DISTRIBUTION, ETC. (IMPRINT)
Place of publication MUMBAI
Name of publisher ALKA
300 ## - PHYSICAL DESCRIPTION
Number of Pages 24
520 ## - SUMMARY, ETC.
Summary, etc ENGLISH SHORT STORY
650 ## - SUBJECT ADDED ENTRY--TOPICAL TERM
Topical Term ENGLISH SHORT STORY
Geographic subdivision MUMBAI
942 ## - ADDED ENTRY ELEMENTS (KOHA)
Koha item type Books
Holdings
Withdrawn status Lost status Collection code Home library Current library Shelving location Date acquired Source of acquisition Cost, normal purchase price Full call number Accession Number Koha item type
    Fiction Main Library Main Library SHELF 3- I- ENGLISH CHILDRENS LITERATURE &MYTHOLOGY 17/04/2015 PURCHASE 30.00 823 ALK/M 06995 Books